Normal view
MARC view
- Arthurian Romances-Adaptations- Poetry
Entry Topical Term
001 - CONTROL NUMBER
- control field: 5544
003 - CONTROL NUMBER IDENTIFIER
- control field: JO-AjAnu
005 - DATE AND TIME OF LATEST TRANSACTION
- control field: 20230606071212.0
008 - FIXED-LENGTH DATA ELEMENTS
- fixed length control field: 230606|| aca||aabn | a|a d
040 ## - CATALOGING SOURCE
- Original cataloging agency: JO-AjAnu
- Transcribing agency: JO-AjAnu
150 ## - HEADING--TOPICAL TERM
- Topical term or geographic name entry element: Arthurian Romances-Adaptations- Poetry
670 ## - SOURCE DATA FOUND
- Source citation: Work cat.: (JO-AjAnu)2865: Tennyson, Alfred, author 5543, Idylls of the King and A Selection of Poems